| 000 | 00968nam a2200241Ii 4500 | ||
|---|---|---|---|
| 003 | JO-AjNU | ||
| 008 | 230605s9999||||xx |||||||||||||| ||und|| | ||
| 017 | _a2010/6/2243 | ||
| 020 | _a978-9957-70-404-9 | ||
| 040 |
_aJO-AjNU _bara _erda _cJO-AjNU |
||
| 041 | _aara | ||
| 050 | 1 | 4 | _aBF637.2011 |
| 100 | 3 |
_aزغبوش،بنعيسى ، علوي،إسماعيل, _eauthor _930876 |
|
| 245 | 0 | 0 | _aالإرشاد النفسي المعرفي والوساطة التربوية :تقنيات المقابلة والإنصات وتدبير الحوار |
| 250 | _aط1 | ||
| 264 | 3 | 1 | _aاربد:عالم الكتب الحديث للنشر والتوزيع ،2011 |
| 300 | _a307ص | ||
| 336 |
_atext _btxt _2rdacontent |
||
| 337 |
_aunmediated _bn _2rdamedia |
||
| 338 |
_avolume _bnc _2rdacarrier |
||
| 490 | 0 | _aسلسلة علم النفس المعرفي2 | |
| 650 | 4 |
_aعلم النفس المعرفي-الارشاد النفسي-الادراك-المعرفة _930877 |
|
| 999 |
_aA12289 _c15857 _d15857 |
||